000 00618cam a22002293a 4500
001 32033
003 PGUSA
005 20140828083707.0
008 100417s2010||||xxu|||||s|||||000 | eng d
040 _aPGUSA
_beng
042 _adc
050 4 _aHV
100 1 _aLeffingwell, Albert,
_d1845-1916
245 1 0 _aVivisection
_h[electronic resource] /
_cAlbert Leffingwell
260 _bProject Gutenberg,
_c2010
506 _aPublic domain in the USA.
516 _aElectronic text
653 _aVivisection
830 0 _aProject Gutenberg
_v32033
856 4 0 _uhttp://www.gutenberg.org/ebooks/32033
942 _cEB
999 _c261288
_d261288